Artificial reefs as a marine resource enhancement tool /
Saved in:
| 主要作者: | |
|---|---|
| 格式: | Thesis 圖書 |
| 語言: | English |
| 出版: |
1999.
|
| 標簽: |
添加標簽
沒有標簽, 成為第一個標記此記錄!
|
| LEADER | 00698cam a2200205 a 4500 | ||
|---|---|---|---|
| 001 | u450334 | ||
| 003 | SIRSI | ||
| 008 | 990805s1999 si a v 00 0 eng m | ||
| 035 | |a ACI-7574 | ||
| 040 | |a UMM | ||
| 090 | |a Q115 |b NUS 1999 Low | ||
| 100 | 1 | 0 | |a Low, Jeffrey K. Y. |
| 245 | 1 | 0 | |a Artificial reefs as a marine resource enhancement tool / |c Jeffrey K.Y. Low. |
| 260 | |c 1999. | ||
| 300 | |a xiii, 91 leaves : |b ill. ; |c 30 cm. | ||
| 502 | |a Dissertation (M.Sc.) -- National University of Singapore, 1999. | ||
| 504 | |a Bibliography: leaves 83-91. | ||
| 948 | |a 22/01/2000 |b 08/11/2002 | ||
| 596 | |a 1 | ||
| 999 | |a Q115 NUS 1999 LOW |w LC |c 1 |i A509451052 |l B_KOM4 |m P01UTAMA |r Y |s Y |t TESIS |u 15/11/2002 |o .PUBLIC. BKOM 4 : 44119 | ||
